Les Championnats du monde de Formule 1 avec l'écart le plus petit - Statistiques

Statistiques générales
  • Ce quiz a été pris 257 fois
  • Le résultat moyen est 7 sur 9
Statistiques - réponses
Année du Championnat Ecart Champion du monde Vice-champion du monde % Correct
2008 1 point Lewis Hamilton Felipe Massa
97%
2007 1 point Kimi Räikkönnen Lewis Hamilton / Fernando Alonso
91%
1994 1 point Michael Schumacher Damon Hill
91%
1984 0,5 point Niki Lauda Alain Prost
79%
1976 1 point James Hunt Niki Lauda
70%
1981 1 point Nelson Piquet Carlos Reutemann
69%
1961 1 point Phil Hill Wolfgang von Trips
69%
1958 1 point Mike Hawthorn Stirling Moss
44%
1964 1 point John Surtees Graham Hill
42%
Aucun quiz correspondant
Distribution des résultats
% des personnes avec chaque résultat
Percentile par nombre de réponses
Votre historique - résultats
Vous n’avez pas pris ce quiz